[Event "World Amateur-ch U2300"]
[Site "Chalkidiki"]
[Date "2016.04.20"]
[Round "2"]
[White "Villar Reymundo, Juan Antonio"]
[Black "Richards, John"]
[Result "1-0"]
[WhiteElo "2177"]
[BlackElo "1820"]
[PlyCount "43"]
[EventDate "2016.04.19"]
[EventType "swiss"]
[EventRounds "9"]
[EventCountry "GRE"]
[SourceTitle "CBM 172 Extra"]
[Source "ChessBase"]
[SourceDate "2016.06.21"]
[SourceVersion "1"]
[SourceVersionDate "2016.06.21"]
[SourceQuality "1"]

1. c4 f5 2. g3 Nf6 3. Bg2 e5 4. Nc3 d6 5. Nf3 Be7 6. d4 e4 7. Ng5 0-0 8. Nh3 c6 9. 0-0 Kh8 10. d5 cxd5 11. Nxd5 Nxd5 12. Qxd5 Nc6 13. Rd1 Qb6 14. Bg5 Nb4 15. Qd2 Bxg5 16. Nxg5 h6 17. Nh3 Rf6 18. Nf4 g5 19. Qc3 d5 20. Nh5 d4 21. Rxd4 Rf7 22. Rd6+ 1-0